Guess the Harry Potter Movies by Scene #2 - Statistics

General Stats
  • This quiz has been taken 159 times
  • The average score is 17 of 20
Answer Stats
Picture Answer % Correct
Chamber of Secrets
92%
Prisoner of Azkaban
92%
Half-Blood Prince
90%
Philosopher's Stone
90%
Prisoner of Azkaban
88%
Chamber of Secrets
86%
Goblet of Fire
86%
Half-Blood Prince
86%
Prisoner of Azkaban
86%
Deathly Hallows – Part 1
84%
Deathly Hallows – Part 2
84%
Half-Blood Prince
84%
Philosopher's Stone
84%
Order of the Phoenix
82%
Prisoner of Azkaban
82%
Chamber of Secrets
80%
Deathly Hallows – Part 1
80%
Deathly Hallows – Part 2
80%
Half-Blood Prince
80%
Chamber of Secrets
76%
No matching quizzes found
Score Distribution
Percent of People with Each Score
Percentile by Number Answered
Your Score History
You have not taken this quiz